Top 4 Colocados do Mundial de Clubes da Fifa - 2000/2005 a 2022 - Statistics

Estatísticas Gerais
  • Esse quiz foi jogado 266 vezes
  • A pontuação média é 28 de 49
Estatísticas das Respostas
País % Correto
Real Madrid
99%
Barcelona
98%
Chelsea
96%
Flamengo
96%
Corinthians
95%
Liverpool
94%
Internacional
92%
Palmeiras
92%
São Paulo
91%
Boca Juniors
89%
River Plate
88%
Bayern de Munique
87%
Grêmio
87%
Santos
87%
Inter de Milão
86%
Manchester United
86%
Milan
86%
Vasco da Gama
83%
Al-Hilal
81%
Atlético Mineiro
80%
Al-Ahly
75%
Tigres UANL
72%
Mazembe
67%
San Lorenzo
64%
Estudiantes
63%
LDU Quito
62%
Atlético Nacional
61%
Raja Casablanca
61%
Kashima Antlers
53%
América
51%
Pachuca
47%
Monterrey
44%
Al-Ain
37%
Al-Ittihad
34%
Auckland City
34%
Kashiwa Reysol
28%
Cruz Azul
24%
Urawa Reds Diamonds
24%
Necaxa
19%
Guangzhou Evergrande
18%
Al-Jazira
17%
Saprissa
10%
Gamba Osaka
9%
Sanfrecce Hiroshima
8%
Al-Sadd
6%
Atlante
6%
Pohang Steelers
4%
Étoile du Sahel
3%
Seongnam
2%
Nenhum quiz correspondente encontrado
Distribuição das Pontuações
Porcentagem de Pessoas com Cada Pontuação
Percentil de Números Respondidos
Sua Pontuação Histórica
Você não jogou esse quiz